000 00367 a2200169 4500
001 70824
020 _a8508089554
040 _cAnchieta - Itaigara
100 _aIacocca, Michele
240 1 0 _aEntre neste livro
_lpor
245 1 0 _aEntre neste livro
300 _a47
362 0 _a2003
440 1 _aÁtica
650 4 _aLiteratura infanto-juvenil
942 _cBK
999 _c70824
_d70824